| 000 | 00592nam a2200229Ia 4500 | ||
|---|---|---|---|
| 003 | GCL | ||
| 008 | 140319s9999 xx 000 0 eng d | ||
| 020 | _a1857150619 | ||
| 040 |
_aGCL / _cGCL |
||
| 082 | 0 | 4 |
_a321.07 _bM U |
| 100 | 1 | _aMORE, THOMAS | |
| 245 | 1 | 0 |
_aUTOPIA / _cMORE, THOMAS |
| 700 | 1 | _aROBINSON, RALPH | |
| 700 | 1 | _aMEZCIEMS, JENNY | |
| 260 |
_aانجلترا : _bEVERYMAN'S LIBRARY ، _c1992 |
||
| 300 |
_a21 CM ؛ _cXLI, 148 P |
||
| 490 |
_aTHE MILLENNIUM LIBRARY _v61 |
||
| 650 | 0 | 4 | _aUTOPIAS |
| 650 | 0 | 4 | _aSTATE, THE |
| 650 | 0 | 4 | _aPOLITICAL SCIENCE |
| 942 |
_2ddc _cBK |
||
| 999 |
_c6122 _d6122 |
||